La Constitución de 1931 / (Record no. 179105)

MARC details
000 -LEADER
campo de control de longitud fija 01056nam a2200289 4500
001 - NÚMERO DE CONTROL
campo de control 179105
003 - IDENTIFICADOR DE NÚMERO DE CONTROL
campo de control ES-MaACL
005 - FECHA Y HORA DE LA ÚLTIMA TRANSACCIÓN
campo de control 20240209063124.0
008 - DATOS DE LONGITUD FIJA--INFORMACIÓN GENERAL
campo de control de longitud fija 110912s2009 sp l |||| | spa d
020 ## - NÚMERO INTERNACIONAL ESTÁNDAR DEL LIBRO
Número Internacional Estándar del Libro 978-84-9890-083-5
080 ## - NÚMERO DE LA CLASIFICACIÓN DECIMAL UNIVERSAL
Número de la Clasificación Decimal Universal 342.4(460)"1931"
100 1# - ENTRADA PRINCIPAL--NOMBRE DE PERSONA
Nombre de persona Juliá, Santos,
Fechas asociadas al nombre 1940-2019
9 (RLIN) 67236
245 13 - MENCIÓN DEL TÍTULO
Título La Constitución de 1931 /
Mención de responsabilidad, etc. Santos Juliá.
250 ## - MENCION DE EDICION
Mención de edición 1ª ed.
260 ## - PUBLICACIÓN, DISTRIBUCIÓN, ETC.
Lugar de publicación, distribución, etc. Madrid :
Nombre del editor, distribuidor, etc. Iustel,
Fecha de publicación, distribución, etc. 2009.
300 ## - DESCRIPCIÓN FÍSICA
Extensión 519 p. ;
Dimensiones 25 cm.
490 1# - MENCIÓN DE SERIE
Mención de serie Las constituciones españolas ;
Designación de volumen o secuencia 8
504 ## - NOTA DE BIBLIOGRAFÍA, ETC.
Nota de bibliografía, etc. Bibliografía: p. [85]-86.
505 8# - NOTA DE CONTENIDO CON FORMATO
Nota de contenido con formato Contiene: Estudios preliminares . Constitución de 1931 . Constitución de la República española de 9 de diciembre de 1931 . Documentos
610 14 - PUNTO DE ACCESO ADICIONAL DE MATERIA--NOMBRE DE ENTIDAD CORPORATIVA
Nombre de entidad corporativa o nombre de jurisdicción como elemento de entrada España.
Título de la obra Constitución, 1931.
9 (RLIN) 3656
630 04 - PUNTO DE ACCESO ADICIONAL DE MATERIA--TÍTULO UNIFORME
Título uniforme Constitución, 1931.
9 (RLIN) 120295
830 1# - PUNTO DE ACCESO ADICIONAL DE SERIE-TÍTULO UNIFORME
Título uniforme Las constituciones españolas ;
Designación de volumen o secuencia 8
9 (RLIN) 224400
852 4# - LOCALIZACIÓN
Ubicación ES-MaACL
itemnumber 185977
Sublocalización o colección R.146002
Número de control de estantería A-11493
Signatura antigua Olim: N-4497
Ubicación en estantería Depósito 1
942 ## - ELEMENTOS DE ENTRADA SECUNDARIOS (KOHA)
Fuente del sistema de clasificación o colocación Clasificación decimal universal
Tipo de ítem Koha Libro impreso
Holdings
Estatus retirado Estado de pérdida Fuente del sistema de clasificación o colocación Estado de daño No para préstamo Biblioteca de origen Biblioteca actual Ubicación en estantería Fecha de adquisición Fuente de adquisición Total de préstamos Signatura topográfica completa Código de barras Visto por última vez Precio de reemplazo Tipo de ítem Koha
    Clasificación decimal universal     Biblioteca del Ateneo de Madrid Biblioteca del Ateneo de Madrid Depósito 1 12/09/2011 Compra   A-11493 1188141 23/02/2023 23/02/2023 Libro impreso